000 01069cam a2200253 a 4500
005 20151009090139.0
008 900309s1991 nyua bf 001 0 eng
020 _a0801425255
040 _aDLC
_cDLC
_dDLC
_dCO-BoIAVH
041 1 _aeng
_hger
044 _axxu
082 0 0 _a598.07232
_bB91b
100 1 _aBub, Hans.
245 1 0 _aBird trapping and bird banding :
_ba handbook for trapping methods all over the world /
_cHans Bub ; traducido por Frances Hamerstrom y Karin Wuertz-Schaefer ; iustraciones por Winfried Noll y Eitel Raddatz ; prólogos por George Jonkel y Chris Mead.
260 _aIthaca, NY :
_bCornell University Press,
_c1991.
300 _a330 páginas :
_bilustraciones ;
_c27 cm.
500 _aTraducción de: Vogelfang und Vogelberingung.
504 _aIncluye referencias bibliográficas (páginas 308-325) e índice.
650 0 _aCaptura de aves
_xManuales
650 6 _aCaptura de aves
_xMétodos
650 6 _aCaptura de aves
_xTrampas
650 0 _aAnillamiento de aves
_xManuales
942 _2ddc
_cLIBRO
999 _c5002
_d5002